White paper on the international trade 1979

Gorde:
Xehetasun bibliografikoak
Formatua: Liburua
Hizkuntza:Undetermined
Argitaratua: Japan Ministry of International Trade and Industry 1979
Gaiak:
Etiketak: Etiketa erantsi
Etiketarik gabe, Izan zaitez lehena erregistro honi etiketa jartzen!
Thư viện lưu trữ: Trung tâm Học liệu Trường Đại học Cần Thơ
LEADER 00473nam a2200169Ia 4500
001 CTU_105467
008 210402s9999 xx 000 0 und d
082 |a 382.0952 
082 |b W582/1979 
245 0 |a White paper on the international trade 1979 
260 |a Japan 
260 |b Ministry of International Trade and Industry 
260 |c 1979 
650 |a Japan 
650 |x Commerce 
904 |i Tuyến 
980 |a Trung tâm Học liệu Trường Đại học Cần Thơ